00440nam a2200145 i 450000100060000000300090000600500170001500700030003200800410003510000230007624500890009926000510018830000210023985200340026081411ES-MaACL20230906174430.0t|041104s1980 zzz ||||1| spa d1 aHsiang, Nai-Kuang.10aDemoler las maniobras del Frente Unido de los comunistas chinos /cNai-Kuang Hsiang. a[S.l.] : bLiga Mundial Anticomunista, c1980. a24 p. ; c19 cm. aES-MaACLj2111-F-8 bR.100655